| 000 | 00431nam a22001577a 4500 | ||
|---|---|---|---|
| 008 | 190506b xxu||||| |||| 00| 0 eng d | ||
| 082 | _aCD14040 | ||
| 100 | _aDura,Bhim Kumar | ||
| 245 | _aLumjung duradadaka dura jatima parchalit ghatuko adhyayan | ||
| 260 |
_aKathmandu: _c2074. |
||
| 502 |
_aDissertation _bDegree in Nepali _cT.U |
||
| 650 | _aNepali culture | ||
| 650 | _aDance | ||
| 650 | _aEthnic groups | ||
| 942 |
_2ddc _cVM |
||
| 999 |
_c85036 _d85025 |
||